Biblioteca

Missions and churches in partnership for evangelism : (Registro nro. 70361)

Detalles MARC
000 -LÍDER
Campo fijo de descripción fija 01725nab a2200241 i 4500
001 - NÚMERO DE CONTROL
Campo de control 768714001
003 - IDENTIFICADOR DEL NÚMERO DE CONTROL
Campo de control CO-MdFUSB
005 - FECHA Y HORA DE LA ULTIMA TRANSACCIÓN
control field 20240627154434.0
008 - ELEMENTOS DE LONGITUD FIJA -- INFORMACIÓN GENERAL
Campo fijo de descripción fija -- Información general 240626t1995 us ||||| |||| 00| 0 eng d
040 ## - FUENTE DE CATALOGACIÓN
Idioma de catalogación spa
Agencia que realiza la transcripción CO-MdFUSB
Agencia que realiza la modificación CO-MdFUSB
041 ## - CÓDIGO DE IDIOMA
Código de idioma para texto/pista de sonido o título separado eng
100 ## - ASIENTO PRINCIPAL--NOMBRE PERSONAL
Nombre personal Collins, Travis,
Término relacionador autor
245 1# - TÍTULO
Título Missions and churches in partnership for evangelism :
Subtitulo a study of the Declaration of Ibadan
Mención de responsabilidad / Travis Collins
520 ## - NOTA DE RESUMEN, ETC.
Nota de sumario, etc. La colaboración entre misiones (las organizaciones de misioneros expatriados que trabajan bajo una agencia común de envío en un lugar determinado) e iglesias nacionales (los organismos cooperadores de cristianos nacionales con los que se relacionan las misiones, llamados en este artículo “convenciones/uniones”) ha surgido como una cuestión crítica en la evangelización mundial. Un intento de establecer colaboraciones justas y eficaces entre misiones y convenciones/uniones es la Declaración de Ibadan. Entre sus atractivos elementos se incluyen el papel propuesto para la misión, la toma de decisiones conjuntas respecto de la evangelización entre grupos de personas no alcanzados y el despliegue de personal misionero.<br/>Este artículo es una reflexión sobre las propuestas establecidas en la Declaración de Ibadán con especial referencia a sus implicaciones para la evangelización.
546 ## - NOTA DE IDIOMA
Nota de idioma Texto en inglés.
650 #0 - ASIENTO SECUNDARIO DE MATERIA - TERMINO TEMÁTICO
Término temático o nombre geográfico como elemento de entrada Evangelización
9 (RLIN) 362
650 #0 - ASIENTO SECUNDARIO DE MATERIA - TERMINO TEMÁTICO
Término temático o nombre geográfico como elemento de entrada Misiones
9 (RLIN) 154
650 #7 - ASIENTO SECUNDARIO DE MATERIA - TERMINO TEMÁTICO
Término temático o nombre geográfico como elemento de entrada Misioneros
9 (RLIN) 931
653 ## - TÉRMINO DE INDIZACIÓN - NO CONTROLADO
Término no controlado Declaración de Ibadán
773 0# - ASIENTO DE ITEM FUENTE
Biblionumber 49486
Itemnumber 82791
Lugar, editorial y fecha de publicación Pasadena
Otro identificador del ítem R0895
Título Missiology:
Número de control del registro (CO-MdFUSB)97
Parte(s) relacionada(s) / Volumen., número. (mes año), páginas Volumen 23, (número 3, 1995) páginas: 331 - 339
Enumeración y primera página página: 331
942 ## - TIPO DE MATERIAL (KOHA)
Tipo de Item KOHA Artículos de Revista
945 ## - INFORMACIÓN LOCAL DEL REGISTRO
Catalogador Catherine Arias Álvarez - Practicante SENA

No hay ítems disponibles.

Biblioteca FUSBC | Teléfono: (57+4) 349 88 10 Ext. 141| WhatsApp (+57) 3005338115 
E-mail: biblioteca@unisbc.edu.co | Calle 76 87-14 Robledo Palenque, Medellín, Colombia

Con tecnología Koha